Trendy v bankovom marketingu

Slovenské bankovníctvo patrí medzi odvetvia, ktoré zaznamenávajú najdynamickejšie procesy vnútorných zmien. Reforma slovenského bankového sektora v rokoch 1998-2002 bola veľmi úspešná. Dynamický vývoj na finančných trhoch. Marketing vo finančných inštitúciách a jeho úlohy. Bankový sektor je výrazne...

Full description

Saved in:
Bibliographic Details
Main Author: Hasprová, Mária, 1970-
Format: Book Chapter
Language:Slovak
Subjects:
Tags: Add Tag
No Tags, Be the first to tag this record!

MARC

LEADER 00000naa$a2200000$$$4500
001 0048216
005 20240502071543.8
041 0 |a slo 
044 |a SK 
245 1 0 |a Trendy v bankovom marketingu  |c Mária Hasprová 
520 |a Slovenské bankovníctvo patrí medzi odvetvia, ktoré zaznamenávajú najdynamickejšie procesy vnútorných zmien. Reforma slovenského bankového sektora v rokoch 1998-2002 bola veľmi úspešná. Dynamický vývoj na finančných trhoch. Marketing vo finančných inštitúciách a jeho úlohy. Bankový sektor je výrazne ovplyvňovaný pokrokom vo výrobných odvetviach. Benchmarking v bankovníctve. 
610 2 0 |a bankovníctvo 
610 2 0 |a reformy 
610 2 0 |a trh finančný 
610 2 0 |a marketing 
610 2 0 |a benchmarking 
610 2 0 |a klienti 
100 1 |a Hasprová, Mária, 1970-